书目信息 |
| 题名: |
材料力学
|
|
| 作者: | 李龙堂 主编 | |
| 分册: | ||
| 出版信息: | 北京 高等教育出版社 1985.09 |
|
| 页数: | 261页 | |
| 开本: | 20cm | |
| 丛书名: | ||
| 单 册: | ||
| 中图分类: | TH123 | |
| 科图分类: | ||
| 主题词: | 机械--计算 | |
| 电子资源: | ||
| ISBN: | 7-04-001746-6 | |
| 000 | 00575nam0 2200205 450 | |
| 001 | 0854596056 | |
| 005 | 20081008151131.12 | |
| 010 | @a7-04-001746-6@dCNY1.30 | |
| 100 | @a20081008d1985 km y0chiy0120 ea | |
| 101 | 0 | @achi |
| 102 | @aCN@b110000 | |
| 200 | 1 | @a材料力学@f李龙堂主编@Fli long tang zhu bian |
| 210 | @a北京@c高等教育出版社@d1985.09 | |
| 215 | @a261页@d20cm | |
| 300 | @a中等专业学校试用教材 | |
| 606 | 0 | @a机械@x计算 |
| 690 | @aTH123@v4 | |
| 701 | 0 | @a李龙堂@Ali long tang@4主编 |
| 801 | 0 | @aCN@b大连网信软件有限公司图书馆·11@c20081008 |
| 905 | @aBZT@dTH123@e1 | |
| 材料力学/李龙堂主编.-北京:高等教育出版社,1985.09 |
| 261页;20cm |
| 中等专业学校试用教材 |
| ISBN 7-04-001746-6:CNY1.30 |
| ● |
| 相关链接 |
|
|
|
正题名:材料力学
索取号:TH123/1
 
预约/预借
| 序号 | 登录号 | 条形码 | 馆藏地/架位号 | 状态 | 备注 |
| 1 | 009925 | 201254347 | 中心书库中库/ 中库030架A面5列6层31/ [索取号:TH123/1] | 在馆 |